Cyclisme : coureurs des années 1960 (par image) - Statistiques

Statistiques générales
  • Ce quiz a été pris 34 fois
  • Le résultat moyen est 9 sur 20
Statistiques - réponses
Par images Réponse % Correct
Jacques Anquetil
100%
Raymond Poulidor
97%
Eddy Merckx
93%
Felice Gimondi
77%
Federico Bahamontes
73%
Rik Van Looy
73%
Roger Pingeon
70%
Jan Janssen
63%
Tom Simpson
57%
Jean Stablinski
33%
Walter Godefroot
33%
Rudi Altig
23%
Herman Vanspringel
20%
Gianni Motta
17%
Franco Bitossi
13%
Vittorio Adorni
13%
Michele Dancelli
10%
Ferdinand Bracke
7%
Émile Daems
3%
Rolf Wolfshohl
3%
Aucun quiz correspondant
Distribution des résultats
% des personnes avec chaque résultat
Percentile par nombre de réponses
Votre historique - résultats
Vous n’avez pas pris ce quiz